Visualizzazione normale
Vista MARC
- Bartolomei G.
di Personal Name
Records bibliografici associati: 1
001 - CONTROL NUMBER
- control field: 58136
003 - CONTROL NUMBER IDENTIFIER
- control field:
005 - DATE AND TIME OF LATEST TRANSACTION
- control field: 20200210164906.0
008 - FIXED-LENGTH DATA ELEMENTS
- fixed length control field: 200210|| aca||aabn | a|a d
040 ## - CATALOGING SOURCE
- Original cataloging agency:
- Transcribing agency:
100 ## - HEADING--PERSONAL NAME
- Personal name: Bartolomei G.
670 ## - SOURCE DATA FOUND
- Source citation: Work cat.: (): Palladino Emilia, Yanez Humberto Miguel (a cura di) 58135, La famiglia a cinquant'anni da Humanae Vitae, 2019